Among Us Tasks – Polus - Statistics

General Stats
  • This quiz has been taken 34 times
  • The average score is 14 of 24
Answer Stats
Rooms Task % Correct
Decontamination /3 Fix Wiring
88%
Medbay Submit Scan
88%
Weapons /20 Clear Asteroids
77%
Electrical (1/2) Download Data
69%
Outside (NODE_CA etc.) (1/2) Fix Weather Node
65%
Specimen Room Start Reactor
65%
Dropship Chart Course
62%
Storage /2 Fuel Engines
62%
Dropship Insert Keys
62%
Medbay 90s Inspect Sample
62%
O2 Monitor Tree
62%
Specimen Room Unlock Manifolds
62%
Communications (2/2) Upload Data
62%
Laboratory Align Telescope
58%
O2 Empty Garbage
58%
Office Swipe Card
58%
Communications 60s Reboot Wifi
54%
Boiler Room (1/2) Replace Water Jug
50%
Office Scan Boarding Pass
50%
Boiler Room /3 Open Waterways
46%
O2 Fill Canisters
42%
Laboratory Repair Drill
38%
Laboratory Record Temperature
35%
Specimen Room Store Artifacts
27%
No matching quizzes found
Score Distribution
Percent of People with Each Score
Percentile by Number Answered
Your Score History
You have not taken this quiz